000 01147naa a22003017a 4500
001 BR7900269
003 BR-BrBNA
005 20240918174308.0
007 ta
008 230509b bl.||||| |||| 00| 0 por d
040 _aBR-BrBNA
_bpor
_cBiblioteca Nacional de Agricultura
041 _a(Pt)
072 _aH20
_b0120
090 _aH20 BR7900269
100 1 _aFernandes, F.T.
100 1 _aBalmer, E.
111 1 _a11. Reuniao Brasileira de Milho e Sorgo
_cPiracicaba, SP (Brazil)
_d26 Jul 1976
245 1 _ainfluencia da epoca de avaliacao nos sintomas internos produzidos pelas inoculacoes de Diplodia maydis e Fusarium moniliforme em colmos de milho [Zea mays, fungo]
260 3 _aPiracicaba, SP (Brasil):
_c1978.
500 _aAnais da 11. Reuniao Brasileira de Milho e Sorgo Piracicaba, SP (Brasil): 1978. p. 357-363 (BR7900269-AM)H20
650 _aMILHO
650 _aFUNGO
650 _aINOCULACAO
650 _aINOCULACAO ARTIFICIAL
773 0 _tAnais da 11. Reuniao Brasileira de Milho e Sorgo
_wH20 BR7900269
_gPiracicaba, SP (Brasil), 1978. p. 357-363
909 _a202404
_bLucia
_c55
_dLucia Elande
942 _cAM
_2AGRIS
999 _c310184
_d310184